000 01355nam a22002177a 4500
999 _c22138
_d22138
003 AR-CdUCM
008 190429b ||||| |||| 00| 0 spa d
040 _aMUNICIPALIDAD PROVINCIAL DEL CUSCO
_cBIBLIOTECA MUNICIPAL DEL CUSCO
082 _aProcultura/N°1/1994
245 _aRevista Pro cultura /
_cSociedad Pro-Cultura Clorinda Matto de Turner
260 _aCusco.
_bAndina,
_c1994.
300 _a152 páginas. :
_bilustraciones ;
_c21 cm.
440 _aRevista Pro cultura.
_nN°1, 1994.
_947522
505 _aContenido: La ciudad del Cusco y el etnohistoriador Luis E. Valcárcel. -- Manuel Aparicio Vega. -- Rafael Aguilar Páez. -- Comentario y análisis de la obra Índole de Clorinda Matto de Turner. -- Navidad origen y costumbres. Alicia Mayo de Gonzales. -- Parroquia de Santiago hoy Distrito. Emma Zamalloa. -- Toma de conciencia y la participación femenina en los albores del siglo XXI. -- La mujer tacneña ante el cautiverio peruano en poder de Chile. Luisa Álvarez. -- Historia de la fundación de la hermandad del Señor de Huanca en Cusco. -- El medio ambiente y el hombre. Jorge Flores Ochoa. ...
650 _aHistoria institucional
_947480
650 _aClorinda Matto deTurner
_947481
650 _aHistoria del Cusco
_91714
710 _aSociedad Pro Cultura Clorinda Matto de Turner
_929944
942 _2ddc
_cPP
945 _arac